[Event "BOL-ch"]
[Site "Sucre"]
[Date "2018.01.20"]
[Round "8"]
[White "Parraga, Alejandro"]
[Black "Vargas, Jhosua"]
[Result "1-0"]
[WhiteElo "2129"]
[BlackElo "1921"]
[PlyCount "107"]
[EventDate "2018.01.17"]
[EventType "tourn"]
[EventRounds "9"]
[EventCountry "BOL"]
[SourceTitle "EXT 2019"]
[Source "ChessBase"]
[SourceDate "2018.10.10"]
[SourceVersion "1"]
[SourceVersionDate "2018.10.10"]
[SourceQuality "1"]

1. d4 Nf6 2. c4 e6 3. g3 d5 4. Bg2 dxc4 5. Qa4+ c6 6. Qxc4 Be7 7. Nf3 Nbd7 8. 0-0 0-0 9. Nc3 Nb6 10. Qb3 Nbd5 11. Re1 Nd7 12. e4 N5b6 13. Bf4 h6 14. Rad1 Bf6 15. a4 g5 16. Bd6 a5 17. Bxf8 Qxf8 18. e5 Bd8 19. Qc2 Qg7 20. Re4 Nd5 21. Nxd5 exd5 22. Re3 Nf8 23. Rf1 Ne6 24. Rd1 Bd7 25. Ne1 Bc7 26. Rb3 b6 27. Rc3 Qh7 28. Qc1 Nd8 29. Bxd5 cxd5 30. Rxc7 Bxa4 31. Rd3 Kg7 32. Rf3 Qe4 33. Qe3 Be8 34. Rf6 b5 35. Nc2 b4 36. Rb6 Ba4 37. Qxe4 dxe4 38. Ne3 Bb3 39. d5 Kf8 40. g4 Kg8 41. f3 exf3 42. Kf2 Kf8 43. Kxf3 Ba2 44. Ke4 Bb1+ 45. Kd4 a4 46. Rxb4 Bg6 47. Rbc4 a3 48. bxa3 Rxa3 49. Nf5 h5 50. Rc8 Bxf5 51. gxf5 Ke8 52. e6 fxe6 53. fxe6 Ra6 54. Ke5 1-0